The Abusive partner : an analysis of domestic battering /

Bibliographic Details
Other Authors: Roy, Maria
Format: Book
Language:English
Published: New York : Van Nostrand Reinhold, [1982]
Subjects:

MARC

Tag First Indicator Second Indicator Subfields
LEADER 00000pam a2200000 a 4500
001 in00000090088
005 20151008065546.0
008 810730s1982 nyua b 00100 eng
010 |a  81013008  
020 |a 0442256477 
035 |a (OCoLC)07739544 
035 |9 AAK6172AM 
039 0 |a 2  |b 3  |c 3  |d 3  |e 3 
040 |a DLC  |c DLC  |d TXA  |d UtOrBLW 
043 |a n-us--- 
049 |a TXAM  |c [1362622] 
050 0 0 |a HV6626  |b  A17 1982 
082 0 |a 362.8/3  |2 19 
245 0 4 |a The Abusive partner :  |b an analysis of domestic battering /  |c  edited by Maria Roy. 
264 1 |a New York :  |b Van Nostrand Reinhold,  |c [1982] 
264 4 |c ©1982 
300 |a xii, 319 pages :  |b illustrations ;  |c 24 cm. 
336 |a text  |b txt  |2 rdacontent 
337 |a unmediated  |b n  |2 rdamedia 
338 |a volume  |b nc  |2 rdacarrier 
504 |a Includes bibliographical references and index. 
650 0 |a Wife abuse  |z United States. 
700 1 |a Roy, Maria. 
999 |a MARS 
999 f f |s 71f59109-c355-346a-8879-14fd82784211  |i ee0b843a-d1d9-3258-ad82-0bf3becbeab3  |t 0 
952 f f |p ric  |a Texas A&M University  |b Rellis Campus  |c Joint Library Facility  |d Remote Storage  |t 0  |e HV6626 A17 1982  |h Library of Congress classification  |i unmediated -- volume  |m A14806002007 
998 f f |a HV6626 A17 1982  |t 0  |l Remote Storage